000
00230nam a22000857a 4500
008
160716b xxu||||| |||| 00| 0 eng d
100
_9
2926
_a
Swift, J
245
_a
Gulliver's Travels
260
_a
USA
_b
Trident Press International
_c
2001
999
_c
2491
_d
2491